1190 1449 1409 1855 1216 1972 1417 1225 1853 1296 1513 1672 1837 1207 1155 1718 1638 1500 1102 1492 1633 1516 1909 1598 1679 1788 1745 1246 1308 1454 1792 1810 1339 1478 1665 1760 1433 1347 1017 1102 1840 1890 1350 1166 1590 1122 1793 1813 1241 1573 1260 1203 1608 1034 1497 1322 1027 1922 1347 1035 1709 1319 1089 1633 1422 1237 1538 1374 1992 1771 1546 1826 1303 1950 1836 1587 1142 1044 1037 1562 1883 1140 1239 1566 1924 1720 1429 1041 1292 1383 1977 1672 1877 1349 1394 1374 1710 1698 1029 BCNSPRNW ULIB Ver.6.0+V

เปลี่ยนเป็นภาษาไทย

Change to English
 แสดงรายละเอียดบรรณานุกรม
  กลับหน้าหลัก

Brief Record : Get Marc (ISO 2709) : E-mail record : QR code < ปิดหน้าต่าง
LEADER : 00000nam 2200000uu 4500
001    13399122135
003     ULIB
008    130103s2554||||th 000 0 tha d
020    ^a9789744665263
060 04 ^aWY160^bส869ก
100 0  ^aสุวนีย์ เกี่ยวกิ่งแก้ว
245 10 ^aการพยาบาลจิตเวช =^bPsychiatric nursing /^cสุวนีย์ เกี่ยวกิ่งแก้ว
246 31 ^aPsychiatric nursing
250    ^aพิมพ์ครั้งที่ 2
260    ^aกรุงเทพฯ :^bโรงพิมพ์มหาวิทยาลัยธรรมศาสตร์,^c2554
300    ^axv, 380 หน้า :^bภาพประกอบ ;^c26 ซม.
504    ^aมีบรรณานุกรมและดัชนี
650  4 ^aการพยาบาลจิตเวชศาสตร์
650  4 ^aจิตเวชศาสตร์
856    ^a^zการพยาบาลจิตเวช.pdf (Content)^uhttp://113.53.232.221:80/UlibM//_fulltext/5/13399121169/20121108113107_3227.pdf
945    ^p320^l0^i19568
945    ^p320^l0^i19569
945    ^p320^l0^i19570
995    ^aกัณชพร
999    ^aใช้งานได้ทุกระบบ
รายการนี้ยังไม่มีแท็ก
คุณยังไม่ได้ล็อกอิน คุณสามารถมีกิจกรรมร่วมกับเว็บไซต์ได้ แต่ต้องล็อกอินก่อน ::
  ล็อกอิน

รายการสื่อสารสนเทศ

ลำดับที่ ประเภท เลขเรียก/บาร์โค้ด สถานที่ สถานะ
1. วิทยาศาสตร์การแพทย์ และสุขภาพ
วิทยาศาสตร์การแพทย์ และสุขภาพ
สถานะ=หนังสือเก่า
WY160 ส869ก  
  Barcode: 19568
ห้องสมุดวิทยาเขตนครสวรรค์
►ส่วนจัดเก็บหนังสือเก่า นว.
บนชั้น
  ขอยืม
2. วิทยาศาสตร์การแพทย์ และสุขภาพ
วิทยาศาสตร์การแพทย์ และสุขภาพ
สถานะ=หนังสือเก่า
WY160 ส869ก ฉ.2 
  Barcode: 19569
ห้องสมุดวิทยาเขตนครสวรรค์
►ส่วนจัดเก็บหนังสือเก่า นว.
บนชั้น
  ขอยืม
3. วิทยาศาสตร์การแพทย์ และสุขภาพ
วิทยาศาสตร์การแพทย์ และสุขภาพ
สถานะ=หนังสือเก่า
WY160 ส869ก ฉ.3 
  Barcode: 19570
ห้องสมุดวิทยาเขตนครสวรรค์
►ส่วนจัดเก็บหนังสือเก่า นว.
บนชั้น
  ขอยืม

รายการใกล้เคียง
    ผู้แต่ง [สุวนีย์ เกี่ยวกิ่งแก้ว]

    หัวเรื่อง [การพยาบาลจิตเวชศาสตร์]
    หัวเรื่อง [จิตเวชศาสตร์]

BibComment


ยังไม่เคยถูกคอมเมนท์

คอมเมนท์ทรัพยากรรายการนี้
  คอมเมนท์: การพยาบาลจิตเวช ..


 Copyright 2026. Bcnsprnw @Library